000 01015nam a2200277 i 4500
001 86421
003 ES-MaACL
005 20250804062644.0
007 t|
008 041210s1952 sp ||||1| spa d
100 1 _aKane, Harnett T.
_967488
245 1 4 _aLos escándalos de la señora Blackford /
_cHarnett T. Kane y Victor Leclerc ; [traducción del inglés por Víctor Scholz].
250 _a[1ª ed.].
260 _aBarcelona :
_bPlaneta,
_c1952 (
_fEmporium)
300 _a388 p. ;
_c20 cm.
490 1 _aGoliat
655 0 _aNovelas
_9234319
700 1 _aLeclerc, Victor.
_971089
700 1 _aScholz, Víctor.
_9104643
830 0 _aGoliat
_9181396
852 _aES-MaACL
_jD-6263
_bR.32148
_bR.M.5858
_989586
_cSVI
_fSello en tinta azul de la Biblioteca del Ateneo de Madrid
_gAnotación manuscrita en recto de anteportada: "311.6 historica"
_xEncuadernación en tela azul
942 _2udc
_cMONOGRAFIA
999 _c86421
_d86421